|
|
|
|
| LEADER |
00000nam a2200000 a 4500 |
| 001 |
vtls001363716 |
| 003 |
SK-MaSNL |
| 005 |
20260301201130.0 |
| 008 |
240314s1999 xo ap r 0yy slo |
| 015 |
|
|
|a SNBA1999/08-02914
|
| 020 |
|
|
|a 8096718053
|
| 035 |
|
|
|a SNK000317344
|
| 035 |
|
|
|a urn:nbn:sk:snk-amkjgs
|
| 035 |
|
|
|a urn:nbn:sk:snk-am003ac4
|
| 035 |
|
|
|a 114366D4-276C-43D8-B1FB-057542BC37E2
|
| 040 |
|
|
|a SNK
|b slo
|c SNK
|e AACR2
|
| 041 |
0 |
|
|a slo
|
| 044 |
|
|
|a xo
|c SK
|
| 080 |
|
|
|a 376.352
|2 1981
|
| 100 |
1 |
|
|a Németh, Ondrej
|4 aut
|9 7908
|
| 245 |
1 |
0 |
|a Slabozrakosť ako pedagogický problém
|c Ondrej Németh
|
| 260 |
|
|
|a Bratislava
|b Sapientia
|c 1999
|
| 300 |
|
|
|a 113 s.
|b tab.
|c 21 cm
|
| 504 |
|
|
|a Bibliogr. s. 103-106. Zoz. tab.
|
| 650 |
0 |
7 |
|a zrak
|x poruchy
|x žiaci
|x výchova
|x vzdelávanie
|2 SNK
|9 581270
|
| 655 |
|
7 |
|a príručky
|2 SNK
|9 74364
|
| 919 |
|
|
|a 80-967180-5-3
|
| 958 |
|
|
|a TL
|
| 958 |
|
|
|a NB
|
| 999 |
|
|
|c 893501
|d 895431
|
| 952 |
|
|
|t P60, <09>, [BOOK], {629}
|a SNK
|b SNK
|y NEVYP
|7 0
|o snkC 394
|i snk751/990527
|0 0
|1 0
|4 0
|d 1999-05-26
|l 0
|r 2005-01-02 00:00:00
|w 2026-02-24
|
| 952 |
|
|
|t P60, <03>, [BOOK], {603}
|a SNK
|b SNK
|y PREZ
|7 0
|p 17A0194162
|o snkSC 98737
|i snkKSP 5835/99
|0 0
|1 0
|4 0
|d 1999-05-26
|f 1
|l 0
|r 2025-09-18 00:00:00
|w 2026-02-24
|
| 952 |
|
|
|t P60, <04>, [BOOK], {604}
|a SNK
|b SNK
|y VYP
|7 0
|p 17A0194163
|o snkSC 98737 D1
|i snkKSP 5836/99
|0 0
|1 0
|4 0
|d 1999-05-26
|l 0
|r 2005-01-02 00:00:00
|w 2026-02-24
|